| 000 | 00749cab a2200229 4500 | ||
|---|---|---|---|
| 001 | WB3034-53 | ||
| 008 | 090401t1994 xxu||||| |||| 00| 0 eng d | ||
| 035 | _a(Sirsi) u47201 | ||
| 041 | _aeng | ||
| 245 | _aRatepayers win savings | ||
| 260 | _c1994 | ||
| 350 | _a0 | ||
| 490 |
_aEstates Times _v(1248) 9 September 1994, 3(1) |
||
| 520 | _aOffice occupiers in Bracknell have won a potential saving on their rates of up to £2m, after a consortium of rating surveyors persuaded the district valuer to give a discount because of the town`s former over-supply. | ||
| 650 | _aBUSINESS RATES | ||
| 650 | _aOFFICE SPACE | ||
| 650 | _aOVERSUPPLY | ||
| 650 | _aREDUCTION | ||
| 690 | _aRATING AND VALUATION | ||
| 942 | _n0 | ||
| 948 | _c04/03/1997 | ||
| 999 |
_c29772 _d29772 |
||